000 00832cam a2200277 a 4500
003 OSt
005 20180829181623.0
008 870318s1987 stka 00100 eng d
020 _a9788131220160:
040 _aUKM
_cUKM
_dm/c
_beng
050 1 _aR857.O6
082 0 _a616.0754
_222
_bTER
096 _aWN 100 T3555 1987
245 0 2 _aA Textbook of radiology and imaging
250 _a7th ed. /
_bedited by David Sutton
260 0 _aEdinburgh :
_bChurchill Livingstone,
_c1987
300 _a2 v. (1857 p.) :
_bill. ;
_c29 cm
500 _aPrevious ed.: 1980
504 _aIncludes bibliographies and index
650 0 _aImaging systems in medicine
_964556
650 0 _aDiagnosis
_964557
650 2 _aRadiology
_964558
650 2 _aRadionuclide Imaging
_964455
700 1 1 _aSutton, David,
_d1917-
_964559
942 _cBOOK
999 _c42682
_d312302